=LDR 00000nam 2200000 4500 =001 NUTBA000000000002445 =005 20251210015141 =035 ##$$a 0010-061400000000388 =008 251210###########################0#ind## =040 ##$$a NBPDMAT =082 ##$$a 028.5 =090 ##$$a 028.5 $b Ari t =100 ##$$a Ariyani =245 1#$$a Tumbuhan pengganggu yang berguna /$c Ariyani =250 ##$$a Cet.5 =260 ##$$a Jakarta :$b Amalia,$c 2010 =300 ##$$a 68 hlm. : $b ilus. ; $c 25 cm. =650 #4$$a Bacaan Kanak - Kanak =850 ##$$a NBPDMAT =084 ##$$a 028.5 ARI t =990 ##$$a 21402517 =990 ##$$a 21402518 =990 ##$$a 21402519 =990 ##$$a 21402520 =990 ##$$a 21402521